00681cam a22002171 4500001001300000003000400013005001700017008004100034010001700075035001900092040001900111042001200130050001600142100003300158245011800191260003600309300001900345651003000364600005200394999001700446rc 01001955 DLC20260227111905.0760220s1838 ilu 000 0 eng  arc 01001955  a(OCoLC)2003603 aDLCcMiOCdDLC apremarc00aF549.A4bB41 aBeecher, Edward,d1803-1895.00aNarrative of riots at Alton:bin connection with the death of Rev. Elijah P. Lovejoy.cBy Red. Edward Beecher ... aAlton [Ill.]bG. Holton,c1838. a159 p.c19 cm. 0aAlton (Ill.)xRiot, 1837.10aLovejoy, Elijah P.q(Elijah Parish),d1802-1837 c52209d52209